000 00983nam a2200301 i 4500
001 000027078
003 DO-SdBNP
005 20250218134212.0
007 ta
008 110329s1978 dr 000 j spa d
040 _aDO-SdBNP
_bspa
_cBNPHU
_erda
041 _aspa
082 4 _aRD863.44
_bC322ta
_222
100 1 _aCartagena Portalatín, Aída,
_d1918-1994
_923557
_eautor
_4aut.
245 1 0 _aTablero :
_bde lo popular a lo culto (doce cuentos) /
_cAída Cartagena Portalatín.
250 _aPrimera edición
264 1 _aSanto Domingo, República Dominicana :
_bEditora Taller,
_c1978.
300 _a105 páginas ;
_c21 cm.
336 _atexto
_btxt
_2rdacontent
337 _asin mediación
_bn
_2rdamedia
338 _avolumen
_bnc
_2rdacarrier
490 0 _aBiblioteca Taller ;
_v109
590 _aInventariado, 2020/LP
650 4 _aCuentos dominicanos
_9176
650 4 _aLiteratura dominicana.
_967
910 _aValidado. Control de calidad EMS
942 _2ddc
_cLBS1
999 _c26570
_d26570